000 00566nam a2200181 a 4500
001 000025117
005 20240307073947.0
008 110210s1997 dr 000 0 spa d
040 _aDO-SdBNP
_bspa
_cBNPHU
082 _axxx
_bR426l
110 1 _aRepública Dominicana
_9447
240 1 0 _a[Leyes, etc.]
245 1 0 _aLey no. 118 de telecomunicaciones :
_bley no. 6132 de expresión y difusión del pensamiento.
260 _aSanto Domingo :
_bUASD,
_c1997.
300 _a80 p. ;
_c22 cm.
049 _aBNPD
710 1 _aUniversidad Autónoma de Santo Domingo
_972951
999 _c24610
_d24610